Statistics for Countries that end with the letter "Y"

Click here to take the quiz!

General Stats

  • This quiz has been taken 948 times
    (930 since last reset)
  • The average score is 6 of 8

Answer Stats

Country% Correct
Uruguay
86%
Paraguay
85%
Italy
81%
Germany
77%
Hungary
73%
Norway
69%
Turkey
66%
Vatican City
48%

Score Distribution

Percentile by Number Answered

Percent of People with Each Score

Your Score History

You have not taken this quiz since the last reset